Normal view
MARC view
Entry Personal Name
001 - CONTROL NUMBER
- control field: 22203
003 - CONTROL NUMBER IDENTIFIER
- control field: ARRUPE
005 - DATE AND TIME OF LATEST TRANSACTION
- control field: 20160210104521.0
008 - FIXED-LENGTH DATA ELEMENTS
- fixed length control field: 160210|| aca||aabn | a|a d
040 ## - CATALOGING SOURCE
- Original cataloging agency: ARRUPE
- Transcribing agency: ARRUPE
100 ## - HEADING--PERSONAL NAME
- Personal name: Mudimbe, V. Y.,
- Dates associated with a name: 1941-
- General subdivision: Contributions in missiology.
670 ## - SOURCE DATA FOUND
- Source citation: Work cat.: (ARRUPE)0: Stenger, Friedrich. 22202, White Fathers in colonial central Africa :, 2001